000 00466nam a2200133 a 4500
008 120416s1976 ||||||||||||||||| || u
050 _aTA 683.2 Mos
100 _aMosley, William Henry
245 1 0 _aReinforced concrete design
260 _aLondon
_bMcMillan
_c1976
300 _axii, 350p. : ill.
350 _a0.00
995 _D0.00
_FCBU-MAIN LIBRARY (Kitwe)
_H1
_I9.90
_M1
_UDAMAGED
_ZMain Library Open Access Collection
999 _c55984
_d55984